| 000 | 00459nam a2200169 i 4500 | ||
|---|---|---|---|
| 001 | 49161 | ||
| 003 | ES-MaACL | ||
| 005 | 20230906161911.0 | ||
| 007 | t| | ||
| 008 | 030710s1888 fr ||||1| fre d | ||
| 100 | 1 |
_aCorroyer, Edouard. _940794 |
|
| 245 | 1 | 2 |
_aL'architecture romane / _cpar Edouard Corroyer. |
| 260 |
_aParis : _bMaison Quantin, _c[1888] |
||
| 300 |
_a320 p. ; _c21 cm. |
||
| 650 | 4 |
_aArquitectura romana. _910056 |
|
| 852 |
_aES-MaACL _jB-2516 |
||
| 999 |
_c49161 _d49161 |
||